000 00665nam a22002177a 4500
003 UA-OsUOA
001 33281
007 ta
008 20050211b un ||||| |||| 00| 0 ukr d
090 _a94(477).09(092)
_bС56
942 _cBK
040 _aUA-OsUOA
_brus
_cUA-OsUOA
_dUA-OsUOA
245 _aУкраинская ССР в период коренного перелома в ходе Великой отечественной войны (19 ноября 1942 г. - конец 1943 г.)
_cСост. В. Н.Немятый
300 _a520 с.
955 _a0
041 _arus
080 _a94(477).09(092)
260 _c1980
044 _aUA
650 7 _2UDC
999 _c319743
_d319743